000
00340nam a2200133Ia 4500
008
230411s9999 xx 000 0 und d
041
_a
eng
082
_a
EC/330/MAL/B04272
100
_a
Mali Ramling
245
_a
Health Economics for Nurses
260
_b
Sneha Publications
_a
Mumbai
_c
2007
300
_a
143p
999
_c
154969
_d
154969